=LDR 00000nam 2200000 4500 =001 INLIS000000000002064 =005 20130612090431 =008 ***********************************Ind** =035 ##$$0010-061300000002064 =041 ##$$a Ind =082 ##$$a 951.04 =090 ##$$a 951.04, Che s =100 ##$$a Chesneaux, Jean =245 ##$$a Serikat rahasia Cina, oleh Jean Cheneane ; penerjemah, Jean Judnita =260 ##$$a 1991 $b Jakarta =300 ##$$a xvi, 238 hlm, 21 cm =650 ##$$a Cina =650 ##$$a Sejarah =700 ##$$a Juanita, Inca =850 ##$$a NBPNMAT